| 000 | 00340nam a22001337a 4500 | ||
|---|---|---|---|
| 020 | _qHB. | ||
| 040 | _cFIZZA ISHAQ | ||
| 082 |
_a511.6058 _bFRE |
||
| 100 |
_aJURGEN,FRANZISKA FREDERIK. _990884 |
||
| 245 |
_aMODELING CELLULAR SYSTEMS / _cFREDERIK FRANZISKA JURGEN. |
||
| 260 |
_aSPRINGER ; _c2017. |
||
| 300 | _a161 P. ; | ||
| 942 |
_2ddc _cBK |
||
| 999 |
_c589088 _d589088 |
||